000 01889nam a2200373 a 4500
001 ebr10426318
003 CaPaEBR
006 m u
007 cr cn|||||||||
008 101014s2010 enkabf sb 001 0 eng d
010 _z 2010293456
015 _aGBA9A9614
_2bnb
016 7 _z015416033
_2Uk
020 _z9781848853225 (hbk.)
020 _z184885322X (hbk.)
040 _aCaPaEBR
_cCaPaEBR
035 _a(OCoLC)671648579
043 _ae-it---
050 1 4 _aDG975.S9
_bD86 2010eb
082 0 4 _a945.814
_222
100 1 _aDummett, Jeremy.
245 1 0 _aSyracuse, city of legends
_h[electronic resource] :
_ba glory of Sicily /
_cJeremy Dummett.
260 _aLondon ;
_aNew York :
_bI. B. Tauris :
_bDistributed in the United States and Canada by Palgrave Macmillan,
_cc2010.
300 _axxvi, 245 p., [8] p. of plates :
_bill. (some col.), maps.
504 _aIncludes bibliographical references (p. [217]-221) and index.
505 0 _aFoundation and the rule of Gelon and Hiero I -- Athenian expedition to Sicily -- Dionysius I: tyrant and warlord -- Five more tyrants -- Hiero II and the Roman siege -- Cicero and the rise of Rome -- Saint Lucia and the early Christians -- Byzantium and the Arab Siege -- Outline to 1945 -- Modern Syracuse -- The Greek era -- The Roman era -- The early Christian era -- Baroque Syracuse -- Other important monuments.
533 _aElectronic reproduction.
_bPalo Alto, Calif. :
_cebrary,
_d2013.
_nAvailable via World Wide Web.
_nAccess may be limited to ebrary affiliated libraries.
651 0 _aSyracuse (Italy)
_xHistory.
651 0 _aSyracuse (Italy)
_vGuidebooks.
651 0 _aSyracuse (Italy)
_xAntiquities.
655 7 _aElectronic books.
_2local
710 2 _aebrary, Inc.
856 4 0 _uhttp://site.ebrary.com/lib/rucke/Doc?id=10426318
_zAn electronic book accessible through the World Wide Web; click to view
999 _c142775
_d142775